| 000 | 00449nam a22001457a 4500 | ||
|---|---|---|---|
| 082 |
_a677.56 _bCOP _cL-17, P-58 |
||
| 100 |
_aHall, Kendals _945051 |
||
| 110 |
_aCopper Development Association _940948 |
||
| 245 | _aThe welding, brazing and soldering of copper and its alloys/ | ||
| 260 |
_aEngland: _bCDA Publication _cc1953 |
||
| 300 |
_a189 p,; _bill,: _c18cm |
||
| 526 |
_a0 _b0 _c0 _d671_560000000000000_COP |
||
| 650 |
_aMCE _9379 |
||
| 942 |
_2ddc _cBK |
||
| 999 |
_c548662 _d548662 |
||